Countries with Miss Universe Title Wins - Statistics

General Stats
  • This quiz has been taken 172 times
  • The average score is 23 of 34
Answer Stats
Titles Country % Correct
2 France
90%
2 Colombia
88%
2 Australia
87%
2 Japan
86%
7 Venezuela
86%
2 Brazil
85%
3 Sweden
85%
2 Mexico
84%
1 Russia
84%
8 United States
84%
2 Canada
82%
1 Germany
82%
3 South Africa
82%
1 Spain
79%
2 India
76%
1 Argentina
75%
2 Finland
73%
4 Philippines
73%
1 Norway
72%
1 Chile
71%
1 Netherlands
69%
1 Peru
68%
1 Greece
62%
1 New Zealand
62%
2 Thailand
60%
1 Panama
58%
1 Israel
47%
1 Dominican Republic
42%
5 Puerto Rico
42%
1 Lebanon
37%
1 Angola
36%
2 Trinidad and Tobago
35%
1 Botswana
34%
1 Namibia
29%
No matching quizzes found
Score Distribution
Percent of People with Each Score
Percentile by Number Answered
Your Score History
You have not taken this quiz